000 01272nam a2200229Ia 4500
001 L235-9928
003 IT-CnALBA
008 170116s9999||||xx |||||||||||||| ||und||
040 _aIT-CnALBA
_cIT-CnALBA
041 _aITALIANO
100 _aCOJAZZI DON ANTONIO, SAC., DOTT.
245 0 _aSAN PAOLO CITTADINO ROMANO. PAGINE INTRODUTTIVE E AUTOBIOGRAFIA.
250 _a3a ed.
260 _aROMA
_bAVE, ANONIMA VERITA'S EDITRICE
_c1944 [1° Ed.:1935 - Ed.Ling.Originale: 1935]
300 _a252 p. (prefazione: 5)
500 _aDONO DI D. GIALLETTI SSP. REDENZIONE. CAPRO ESPIATORIO. VIA DI DAMASCO. LIBERTÀ CRISTIANA. GRAZIA. INCIDENTE D'ANTIOCHIA. LETTERA AI ROMANI. IL VANGELO. MIRACOLO DELL'AMORE. CANTO DEI FIGLI DI DIO. PACE. S. PAOLO POETA E SPORTIVO. VIA DI DAMASCO. INCONTRO
501 _aSocietà San Paolo EM - Piazza San Paolo, 14 - 12051 ALBA (CN) (non commercial uses only) ® Copyright 2017
520 _aDONO DI D. GIALLETTI SSP. REDENZIONE. CAPRO ESPIATORIO. VIA DI DAMASCO. LIBERTÀ CRISTIANA. GRAZIA. INCIDENTE D'ANTIOCHIA. LETTERA AI ROMANI. IL VANGELO. MIRACOLO DELL'AMORE. CANTO DEI FIGLI DI DIO. PACE. S. PAOLO POETA E SPORTIVO. VIA DI DAMASCO. INCONTRO
650 _aMARIA SS. ANGELI SANTI DEMONI
942 _cBK
957 _71
999 _a10904
_bSI
_g Copie: 1
_c269104
_d269104